LEADER 01117nam a2200277 i 4500 001 000000335887 003 CaOOAMICUS 005 20190807153031.0 008 190807s2018 it u000 u ita u 013 $a195528 020 $a978-88-265-0038-6 040 $aSeMil$bita 100 1 $aScheler, Max,$d<1874-1928>.$0(OLS)http://semarc/name/7920 240 10$aIdealismus-Realismus.$0(OLS)http://semarc/title/425218 245 10$aIdealismo-realismo /$cMax Scheler ; a cura di Giuliana Mancuso. 264 1$aBrescia :$bELS La Scuola,$c2018. 300 $a145 p. ;$c21 cm 490 0 $aFenomenologie [La scuola] ;$v4 700 1 $aMancuso, Giuliana,$ecuratore.$0(OLS)http://semarc/name/74470 830 0$aFenomenologie ;$v4.$0(OLS)http://semarc/title/425217 850 $aSeMil 852 $aSeMil$W1$xVenegono$y1$m2P III 856$j215208$B227736$CSeMilBibl$Z2$F227736 $81 996 $6020$a978-88-265-0038-6$9(OLS)http://semarc/number/288352 996 $6245$aIdealismo-realismo$9(OLS)http://semarc/title/425219 996 $6264$aBrescia :$bELS La Scuola$9(OLS)http://semarc/publisher/57594 LEADER 01075nam a2200241 i 4500 001 000000068155 003 CaOOAMICUS 005 20100621000000.0 008 100621s1953 it u000 u ita u 013 $a39327 040 $aSeMil$bita 100 1 $aCroce, Benedetto,$d<1866-1952>.$0(OLS)http://semarc/name/618 245 10$aVol. 2 /$cBenedetto Croce. 250 $a2. ed. con aggiunte, interamente rivista dall'autore. 260 $aBari :$bLaterza,$c1953. 300 $a428 p., [6] c. di tav. :$bill. ;$c22 cm. 773 0 $aCroce, Benedetto <1866-1952>$tOpere di Benedetto Croce.$dBari : Laterza $w()8749 773 0 $aCroce, Benedetto <1866-1952>$tScritti di storia letteraria e politica.$dBari : Laterza, 1911.$g42$w()9919 773 0 $aCroce, Benedetto <1866-1952>$tAneddoti di varia letteratura.$dBari : Laterza, [19..]$g2$w()11365 850 $aSeMil 852 $aSeMil$W1$xVenegono$y1$m2O II 220$j34308$B34308$CSeMilBibl$Z2$F34311 $81 996 $6245$aVol. 2$9(OLS)http://semarc/title/54073 996 $6260$aBari :$bLaterza$9(OLS)http://semarc/publisher/29858